005050000a2200145000450024500630000065000250006365000150008865000210010365100510012404100140017570000290018970000260021810000330024477300820027710aUso popular de plantas medicinales en tres zonas de Caldas14aMedicina tradicional14aBotánica14aPlantas útiles 4mManizales, Riosucio, ViterbodCaldaspColombia0 aEspañol1 aAlvarez Mejía, Luis M.1 aGallego A., José H.1 aRestrepo de Fraume, Mélida1 tPrimer Simposio sobre Plantas Medicinales (1992, Bogotá)31214q81-82d1992